Moratoria de la deuda en América Latina /

Con el propósito de profundizar el conocimiento sobre la moratoria latinoamericana y su gestión económica, en este volumen se reúnen estudiosos experimentados de Argentina, Bolivia, Brasil, Costa Rica, Ecuador y Perú. Los trabajos están orientados a entender el por qué y el cómo de la moratoria y su...

ver descrição completa

Na minha lista:
Detalhes bibliográficos
Autor principal: Altimir, Oscar (comp.)
Outros Autores: Devlin, Robert (compilación) (compilación)
Formato: Livro
Idioma:espanhol
Publicado em: Buenos Aires, Argentina : Fondo de Cultura Económica, 1993, c1993
Colecção:(Sección de Obras de Economía)
Assuntos:
Tags: Adicionar Tag
Sem tags, seja o primeiro a adicionar uma tag!

MARC

LEADER 00000nam^a2200000^a^4500
001 000140703
005 20250521000000.0
009 20260310095550.563
020 |a 950-557-198-4 
037 |a Acervo ITESO - Biblioteca 
041 |a ESP 
082 |a 336. 34350980  |b ALT 
100 |a Altimir, Oscar  |e (comp.) 
245 1 0 |a Moratoria de la deuda en América Latina /  |c Comp. de O. Altimir, R. Devlin. 
264 4 |a Buenos Aires, Argentina :  |b Fondo de Cultura Económica,  |c 1993, c1993 
300 |a 485 p. 
336 |a texto  |b txt  |2 rdacontenido 
337 |a sin mediación  |b n  |2 rdamedio 
338 |a volumen  |b nc  |2 rdasoporte 
440 1 |a (Sección de Obras de Economía) 
520 |a Con el propósito de profundizar el conocimiento sobre la moratoria latinoamericana y su gestión económica, en este volumen se reúnen estudiosos experimentados de Argentina, Bolivia, Brasil, Costa Rica, Ecuador y Perú. Los trabajos están orientados a entender el por qué y el cómo de la moratoria y su papel como instrumento alternativo a la deficiente gestión internacional en el problema del sobreendeudamiento y el ajuste estructural latinoamericano. 
649 |a XX 
650 |a Suspensión de Pagos -  |z Argentina -  |x Historia 
650 |a Suspensión de Pagos -  |z Bolivia -  |x Historia 
650 |a Suspensión de Pagos -  |z Ecuador -  |x Historia 
650 |a Suspensión de Pagos -  |z Perú -  |x Historia 
650 |a Deuda Externa -  |z Latinoamérica 
650 |a Pobreza -  |z Latinoamérica 
650 |a Organizaciones Internacionales 
650 |a Latinoamérica -  |x Condiciones Sociales y Culturales 
650 |a Latinoamérica -  |x Condiciones Económicas 
650 |a Economía -  |z Latinoamérica 
700 |a Devlin, Robert  |e (compilación) 
910 |a Fondo General 
920 |a Impresos - Libros 
930 |a Colección General 
905 |a 101 
901 |a 0500069550  |b IT1  |c ACC  |u 20250521 
902 |a https://opac.biblio.iteso.mx/vufind/Record/000140703